<?xml version="1.0" encoding="UTF-8"?>
<collection xmlns="http://www.loc.gov/MARC21/slim">
    <record>
        <controlfield tag="001">101111</controlfield>
        <controlfield tag="005">20210323085021.0</controlfield>
        <datafield tag="037" ind1=" " ind2=" ">
            <subfield code="a">TAZ-TFG-2020-1416</subfield>
        </datafield>
        <datafield tag="041" ind1=" " ind2=" ">
            <subfield code="a">spa</subfield>
        </datafield>
        <datafield tag="100" ind1="1" ind2=" ">
            <subfield code="a">Arnau Moreno, Loreto</subfield>
        </datafield>
        <datafield tag="242" ind1="0" ind2="0">
            <subfield code="a">Trade relationships between China and United States of America</subfield>
        </datafield>
        <datafield tag="245" ind1="0" ind2="0">
            <subfield code="a">Las relaciones comerciales entre China y Estados Unidos</subfield>
        </datafield>
        <datafield tag="260" ind1=" " ind2=" ">
            <subfield code="a">Zaragoza</subfield>
            <subfield code="b">Universidad de Zaragoza</subfield>
            <subfield code="c">2020</subfield>
        </datafield>
        <datafield tag="506" ind1=" " ind2=" ">
            <subfield code="a">by-nc-sa</subfield>
            <subfield code="b">Creative Commons</subfield>
            <subfield code="c">3.0</subfield>
            <subfield code="u">http://creativecommons.org/licenses/by-nc-sa/3.0/</subfield>
        </datafield>
        <datafield tag="520" ind1=" " ind2=" ">
            <subfield code="a">Las tensas relaciones entre China y Estados Unidos han acaparado la atención mundial en estos últimos años, principalmente por las consecuencias que una guerra comercial puede tener en el devenir ya no solo para el comercio internacional, sino para el bienestar de la población mundial. La continua lucha por la hegemonía en un mundo cada vez más globalizado, el desequilibrio de las relaciones entre las potencias así como las últimas acusaciones que se han cruzado ambos gobiernos a raíz de la crisis sanitaria mundial del COVID-19, acentúan la amenaza aislacionista. Este trabajo estudia las causas, las consecuencias y el desarrollo del conflicto, poniendo en relieve cuáles son los sectores sobre los que se apoyan las ventajas comparativas de ambos países. También, analiza el Acuerdo comercial entre China y EEUU, un primer paso hacia el final de este conflicto comercial. Se concluye el trabajo con la idea de que es necesario un gran esfuerzo por ambas partes para poder desarrollar una política económica que estabilice el comercio internacional. &lt;br />&lt;br /></subfield>
        </datafield>
        <datafield tag="521" ind1=" " ind2=" ">
            <subfield code="a">Programa conjunto en ADE/DERECHO (Grados)</subfield>
        </datafield>
        <datafield tag="540" ind1=" " ind2=" ">
            <subfield code="a">Derechos regulados por licencia Creative Commons</subfield>
        </datafield>
        <datafield tag="700" ind1=" " ind2=" ">
            <subfield code="a">Sabaté Sort, Marcela</subfield>
            <subfield code="e">dir.</subfield>
        </datafield>
        <datafield tag="710" ind1="2" ind2=" ">
            <subfield code="a">Universidad de Zaragoza</subfield>
            <subfield code="b"> </subfield>
            <subfield code="c"></subfield>
        </datafield>
        <datafield tag="856" ind1="0" ind2=" ">
            <subfield code="f">699986@unizar.es</subfield>
        </datafield>
        <datafield tag="856" ind1="4" ind2=" ">
            <subfield code="s">1048603</subfield>
            <subfield code="u">http://zaguan.unizar.es/record/101111/files/TAZ-TFG-2020-1416.pdf</subfield>
            <subfield code="y">Memoria (spa)</subfield>
        </datafield>
        <datafield tag="909" ind1="C" ind2="O">
            <subfield code="o">oai:zaguan.unizar.es:101111</subfield>
            <subfield code="p">driver</subfield>
            <subfield code="p">trabajos-fin-grado</subfield>
        </datafield>
        <datafield tag="950" ind1=" " ind2=" ">
            <subfield code="a"></subfield>
        </datafield>
        <datafield tag="951" ind1=" " ind2=" ">
            <subfield code="a">deposita:2021-03-23</subfield>
        </datafield>
        <datafield tag="980" ind1=" " ind2=" ">
            <subfield code="a">TAZ</subfield>
            <subfield code="b">TFG</subfield>
            <subfield code="c">ECON</subfield>
        </datafield>
        <datafield tag="999" ind1=" " ind2=" ">
            <subfield code="a">20200619125753.CREATION_DATE</subfield>
        </datafield>
    </record>

    
</collection>